000 01061nam a22003377a 4500
003 CHAP
005 20220329134140.0
008 971013s1945 r 00010 d
010 _a16142
011 _a17114
035 _a21197
040 _cCHAP
082 _a636
_bH63
100 0 0 _aHogner, Dorothy Childs.
_955835
245 _aFarm animals and working and sporting breeds of the United States and Canada
260 _aLondon :
_bOxford Univ.,
_c1945
300 _a192 p.
_b: ilus.
590 _aBATCH-UPD
_b10
_c20130110
_lUCH01
_h1830
590 _aBATCH-UPD
_b10
_c20130410
_lUCH01
_h1202
590 _aBATCH-UPD
_b10
_c20130914
_lUCH01
_h1456
590 _aCONVERSION
_b10
_c20130109
_lUCH01
_h1310
650 1 4 _aAnimales domesticos.
_95889
650 1 4 _aAnimales domesticos
_xE.U.A.
_95897
650 1 4 _aCanadá
_xAnimales domésticos.
_918227
650 1 4 _aCanadá
_xGanado.
_918235
650 1 4 _aGanadería.
_944604
650 1 4 _aGanado
_xE.U.A.
_944904
901 _aBK
942 _cLIBRO
949 _a636 H63
_bBC
_cBPA
_d-49390
_eBPA
_h24153
_i21197
_si
999 _c16142
_d16142